000 00622nam a2200241Ia 4500
003 OSt
005 20220918203951.0
006 a|||||r|||| 00| 0
007 ta
008 220917b |||||||| |||| 00| 0 eng d
024 _a110,467
037 _cTextual
040 _aARTS
_cARTS
_beng
041 _2eng
_aeng
082 _aV5:24:N7, K9
100 _aHenig Stanley ed
_9110271
245 0 _aEuropean political parties
260 _c1969
650 _aHISTORY
700 _a Pinder John ed
_9110272
942 _hV5:24:N7, K9
_cTEXL
_2CC
999 _c233817
_d233817